249 countries of the world mapless - Statistics

General Stats
  • This quiz has been taken 20 times
  • The average score is 189 of 249
Answer Stats
Country % Correct
Andorra
94%
Austria
94%
Barbados
94%
Belgium
94%
Cuba
94%
Cyprus
94%
Denmark
94%
Finland
94%
France
94%
Germany
94%
Iceland
94%
Ireland
94%
Italy
94%
Liechtenstein
94%
Luxembourg
94%
North Macedonia
94%
Panama
94%
Romania
94%
Russia
94%
Switzerland
94%
United Kingdom
94%
Albania
88%
Argentina
88%
Armenia
88%
Australia
88%
Bahamas
88%
Belarus
88%
Bolivia
88%
Bosnia and Herzegovina
88%
Brazil
88%
Bulgaria
88%
Canada
88%
Chile
88%
China
88%
Colombia
88%
Croatia
88%
Dominica
88%
Dominican Republic
88%
Egypt
88%
Ethiopia
88%
Gambia
88%
Greece
88%
Grenada
88%
Haiti
88%
Honduras
88%
India
88%
Indonesia
88%
Iran
88%
Iraq
88%
Jamaica
88%
Kazakhstan
88%
Laos
88%
Latvia
88%
Lithuania
88%
Malta
88%
Mexico
88%
Monaco
88%
Netherlands
88%
New Zealand
88%
North Korea
88%
Norway
88%
Palau
88%
Peru
88%
Portugal
88%
Serbia
88%
Slovakia
88%
Slovenia
88%
Somalia
88%
South Africa
88%
South Korea
88%
Spain
88%
Sudan
88%
Suriname
88%
Sweden
88%
Syria
88%
Turkey
88%
United States
88%
Vatican City
88%
Venezuela
88%
Afghanistan
82%
Algeria
82%
Angola
82%
Antigua and Barbuda
82%
Azerbaijan
82%
Belize
82%
Benin
82%
Cambodia
82%
Cameroon
82%
Chad
82%
Czech Republic
82%
Democratic Republic of the Congo
82%
Ecuador
82%
El Salvador
82%
Equatorial Guinea
82%
Estonia
82%
Eswatini
82%
Fiji
82%
French Guiana
82%
Gabon
82%
Georgia
82%
Guatemala
82%
Guinea
82%
Guyana
82%
Hungary
82%
Israel
82%
Japan
82%
Jordan
82%
Lebanon
82%
Libya
82%
Mali
82%
Mauritania
82%
Mauritius
82%
Moldova
82%
Mongolia
82%
Morocco
82%
Namibia
82%
Nauru
82%
Nicaragua
82%
Oman
82%
Pakistan
82%
Paraguay
82%
Philippines
82%
Poland
82%
Qatar
82%
Republic of the Congo
82%
Rwanda
82%
Saint Kitts and Nevis
82%
Saint Lucia
82%
Samoa
82%
Sri Lanka
82%
Thailand
82%
Uganda
82%
Ukraine
82%
Uruguay
82%
Zambia
82%
Zimbabwe
82%
American Samoa
76%
Bangladesh
76%
Bhutan
76%
Botswana
76%
Brunei
76%
Burundi
76%
Costa Rica
76%
Central African Republic
76%
São Tomé and Príncipe
76%
Djibouti
76%
Eritrea
76%
Ghana
76%
Kenya
76%
Kiribati
76%
Kosovo
76%
Kuwait
76%
Kyrgyzstan
76%
Liberia
76%
Madagascar
76%
Maldives
76%
Nepal
76%
Niger
76%
Nigeria
76%
Saint Vincent and the Grenadines
76%
San Marino
76%
Saudi Arabia
76%
Seychelles
76%
Singapore
76%
South Sudan
76%
Taiwan
76%
Tajikistan
76%
Togo
76%
Tunisia
76%
Uzbekistan
76%
Vietnam
76%
Yemen
76%
Bahrain
71%
Cape Verde
71%
Comoros
71%
East Timor
71%
Federated States of Micronesia
71%
Guinea-Bissau
71%
Hong Kong
71%
Ivory Coast
71%
Lesotho
71%
Malawi
71%
Marshall Islands
71%
Montenegro
71%
Mozambique
71%
Myanmar
71%
Papua New Guinea
71%
Senegal
71%
Sierra Leone
71%
Solomon Islands
71%
Tanzania
71%
Trinidad and Tobago
71%
Turkmenistan
71%
Tuvalu
71%
United Arab Emirates
71%
Vanuatu
71%
Aruba
65%
Burkina Faso
65%
Gibraltar
65%
Malaysia
65%
Puerto Rico
65%
Tonga
65%
Cook Islands
59%
Curacao
59%
Falkland Islands
59%
Faroe Islands
59%
Greenland
59%
Saint Martin
59%
U.S. Virgin Islands
59%
Cayman Islands
53%
Guernsey
53%
Isle of Man
53%
Jersey
53%
Macau
53%
New Caledonia
53%
Northern Cyprus
53%
Palestine
53%
Reunion
53%
Saint Barthelemy
53%
Sint Maarten
53%
Somaliland
53%
Western Sahara
53%
Abkhazia
47%
Anguilla
47%
Bermuda
47%
Catalonia
47%
Christmas Island
47%
French Polynesia
47%
Guadeloupe
47%
Guam
47%
Martinique
47%
Mayotte
47%
Montserrat
47%
Niue
47%
Norfolk Island
47%
Pitcairn Islands
47%
Saint Helena,
Ascension, and
Tristan da Cunha
47%
Saint Pierre and Miquelon
47%
South Ossetia
47%
Svalbard
47%
Tokelau
47%
Turks and Caicos Islands
47%
Virgin Islands
47%
Wallis and Futuna
47%
Northern MarianaIslands
41%
Caribbean Netherlands
35%
Cocos Islands
35%
Transnistria
35%
Kurdistan
29%
No matching quizzes found
Score Distribution
Percent of People with Each Score
Percentile by Number Answered
Your Score History
You have not taken this quiz